01677nam a2200205Ia 450000500170000000800410001704000440005804100080010208200120011010000140012224501900013626000670032630000530039350004850044650504140093150600210134565000270136665000430139365000350143620190125083447.0130821q1893 ck d fr 1 spa d aCo-BoUCMbspacSandra YazodSandra Yazo0 aspa04a5122201 aJ. M. CH.10aCompendio de álgebra adaptada a la capacidad media de los alumnosbEnriquecido con muchos problemas y aumentado con las tablas logarítmicas de los números naturalescpor J. M. CH. aTunja (Boyacá, Colombia)bImprenta del departamentoc[1893?] axii, 188, [1], 27 páginasbtablasc23 x 15 cm. aDetalles físicos: Encuadernación rígida en cartón duro forrado en tela. Lomo con adornos en dorado. Tapas y lomo con figuras repujadas. Guardas simulando papel de agua. Hoja de cortesía. Portada impresa en una sola tinta con una ilustración. Prólogo. Texto impreso en una sola columna con varios tipos y tamaños de letra, notas al pie de página, varias tablas, gráficos y fórmulas entre el texto. Al final fe de erratas. Papel manchado, oxidación en bordes0 aNociones preliminares ; Las cuatro operaciones fundamentales ; Máximo común divisor ; Menor múltiplo común ; Fracciones en general y las cuatro operaciones ; Ecuaciones de primer grado con una incógnita ; Sistema de dos o más incógnitas ; Desigualdades , Potencias y raíces ; Ecuaciones de segundo grado ; Relaciones , equidiferencias y proporciones ; Progresiones ; Logaritmos y permutaciones aConsulta en sala 7aÁlgebraxEnseñanza 7aEcuacionesxMatemáticasxEnseñanza 7aMatemáticasxLibros de texto